Statistics for Jing-Jin-Ji Cities Map Quiz 京津冀城市群

Click here to take the quiz!

General Stats

  • This quiz has been taken 381 times
  • The average score is 11 of 17

Answers on the Map

Answers color-coded by a green-red scale on the quiz's map according to % correct below.
 

Answer Stats

Answer% Correct
Beijing
北京
90%
Tianjin
天津
88%
Tangshan
唐山
85%
Qinhuangdao
秦皇岛
83%
Zhangjiakou
张家口
82%
Chengde
承德
81%
Langfang
廊坊
81%
Shijiazhuang
石家庄
77%
Baoding
保定
71%
Handan
邯郸
70%
Cangzhou
沧州
69%
Xingtai
邢台
56%
Hengshui
衡水
53%
Dingzhou
定州
40%
Wu'an
武安
39%
Hejian
河间
35%
Renqiu
任丘
21%

Score Distribution

Percentile by Number Answered

Percent of People with Each Score

Your Score History

You have not taken this quiz